Space Songs - Statistics

General Stats
  • This quiz has been taken 166 times
  • The average score is 17 of 26
Answer Stats
Artist Song % Correct
Frank Sinatra Fly Me to the {Moon}
97%
Coldplay A Sky Full of {Stars}
95%
Tears for Fears Everybody Wants to Rule the {World}
95%
David Bowie {Space} Oddity
91%
Belinda Carlisle Heaven Is a Place on {Earth}
90%
R.E.M. Man on the {Moon}
90%
David Bowie Life on {Mars?}
89%
The Police Walking on the {Moon}
87%
Creedence Clearwater Revival Bad {Moon} Rising
85%
OneRepublic Counting {Stars}
85%
Elton John {Rocket} Man
83%
Muse Supermassive {Black} {Hole}
81%
The Beatles Across the {Universe}
78%
Smash Mouth Walkin' on the {Sun}
72%
Oasis Champagne {Supernova}
70%
Soundgarden {Black} {Hole} Sun
68%
Bruno Mars Talking to the {Moon}
65%
Kendrick Lamar and SZA All the {Stars}
60%
Echo & the Bunnymen The Killing {Moon}
56%
Michael Jackson {Earth} Song
50%
Radiohead Subterranean Homesick {Alien}
48%
Nicki Minaj {Starships}
34%
Deep Purple {Space} Truckin
33%
Bananarama {Venus}
30%
Pink Floyd {Eclipse}
13%
Ramones Zero Zero {UFO}
2%
No matching quizzes found
Score Distribution
Percent of People with Each Score
Percentile by Number Answered
Your Score History
You have not taken this quiz